|
|
|
|
| LEADER |
01551nam a2200349 a 4500 |
| 001 |
13136613 |
| 003 |
BD-DhAAL |
| 008 |
100406s2003 enka b 000 0 eng d |
| 999 |
|
|
|c 7972
|d 7972
|
| 010 |
|
|
|a \\2003267587
|
| 020 |
|
|
|a 0140449140 (pbk.)
|
| 020 |
|
|
|a 9788175993068
|
| 040 |
|
|
|a DLC
|c DLC
|d DLC
|d BD-DhAAL
|
| 082 |
0 |
4 |
|a 321.07
|2 22
|
| 100 |
1 |
|
|a Plato.
|9 35477
|
| 240 |
1 |
0 |
|a Republic.
|l English
|
| 245 |
1 |
4 |
|a The Republic /
|c Plato ; translated with an introduction by Desmond Lee and translated by Benjamin Jowett
|
| 250 |
|
|
|a Second edition, Reissued with new Further reading.
|
| 260 |
|
|
|a London ;
|a New York :
|b Penguin Books;
|b Classics,
|c 2003, 2015
|
| 300 |
|
|
|a lxxii, 416 pages ;
|a 400 pages :
|b ill. ;
|c 20 cm.
|
| 490 |
0 |
|
|a Penguin classics
|
| 504 |
|
|
|a Includes bibliographical references.
|
| 541 |
1 |
|
|e 00014183, 32075
|
| 650 |
|
0 |
|a Political science
|v Early works to 1800.
|9 35478
|
| 650 |
|
0 |
|a Utopias
|v Early works to 1800.
|9 35479
|
| 650 |
|
0 |
|a Justice
|v Early works to 1800.
|9 35480
|
| 700 |
1 |
|
|a Lee, Henry Desmond Pritchard,
|c Sir,
|d 1908-
|9 35481
|
| 700 |
1 |
|
|a Jowett, Benjamin
|9 35482
|
| 852 |
4 |
|
|a Ayesha Abed Library
|j General Shelf
|
| 942 |
|
|
|2 ddc
|c BK
|
| 952 |
|
|
|0 0
|1 0
|2 ddc
|4 0
|6 321_070000000000000_PLA_2003
|7 0
|9 9007
|a BRACUL
|b BRACUL
|c GEN
|d 2010-04-06
|l 11
|m 105
|o 321.07 PLA
|p 3010014183
|r 2025-11-11
|s 2025-10-14
|t 1
|w 2010-04-06
|y BK
|
| 952 |
|
|
|0 0
|1 0
|2 ddc
|4 0
|6 321_070000000000000_PLA
|7 0
|9 61298
|a BRACUL
|b BRACUL
|c GEN
|d 2017-11-05
|e R K Corporation
|g 450.00
|l 5
|m 26
|o 321.07 PLA
|p 3010032075
|q 2025-10-13
|r 2024-10-07
|s 2024-10-07
|t 2
|v 450.00
|y BK
|